000 00486nam a2200169Ia 4500
003 GCL
008 140319s9999 xx 000 0 ara d
040 _aGCL /
_cGCL
082 0 4 _a814
_bن ت
100 1 _aنهاد شريف
245 1 0 _aتآملات فى العالم والثقافة /
_cنهاد شريف
300 _a200 ص
490 _aمكتبة الشباب
_v0
650 0 4 _aالادب العربى
650 0 4 _aالمقالات العربية - مصر
942 _2ddc
_cBK
999 _c50775
_d50775